Catálogo - Centro de Recursos para el Aprendizaje y la Investigación

Volver al Sitio - CRAI Biblioteca

Compendio de derecho judicial (Registro nro. 113670)

Detalles MARC
000 -CABECERA
campo de control de longitud fija 01328nam a2200229 4500
001 - NÚMERO DE CONTROL
campo de control 113670
003 - IDENTIFICADOR DEL NÚMERO DE CONTROL
campo de control DR-UNIBE
005 - FECHA Y HORA DE LA ÚLTIMA TRANSACCIÓN
campo de control 20250523105938.0
008 - DATOS DE LONGITUD FIJA--INFORMACIÓN GENERAL
campo de control de longitud fija 250523b2000 dr ||||| |||| 00| 0 spa d
040 ## - FUENTE DE LA CATALOGACIÓN
Centro catalogador/agencia de origen BIBLIOTECA UNIBE
Lengua de catalogación spa
Centro/agencia transcriptor BIBLIOTECA UNIBE
041 ## - CÓDIGO DE LENGUA
Código de lengua del texto/banda sonora o título independiente spa
082 ## - NÚMERO DE LA CLASIFICACIÓN DECIMAL DEWEY
Número de edición 22
Número de clasificación RD 347.7293 C737d
245 00 - MENCIÓN DE TÍTULO
Título Compendio de derecho judicial
260 ## - PUBLICACIÓN, DISTRIBUCIÓN, ETC.
Lugar de publicación, distribución, etc. Santo Domingo :
Nombre del editor, distribuidor, etc. Proyecto de Fortalecimiento del Poder Judicial,
Fecha de publicación, distribución, etc. 2000
300 ## - DESCRIPCIÓN FÍSICA
Extensión 263 páginas ;
Dimensiones 23 cm
505 0# - NOTA DE CONTENIDO CON FORMATO
Nota de contenido con formato Presentación |<br/>I. Constitución de la República Dominicana |<br/>II. Ley orgánica del Consejo Nacional de la Magistratura (No. 169-97) |<br/>III. Ley de la carrera judicial |<br/>IV. Sentencia de inconstitucionalidad de artículos de la ley de carrera judicial |<br/>V. Ley de organización judicial (No. 821) y sus modificaciones |<br/>VI. Ley 50-00 |<br/>VII. Ley orgánica de la Suprema Corte de Justicia (No. 25-91) |<br/>VIII. Reglamento de la carrera judicial |<br/>IX. Reglamento de la Escuela Nacional de la Judicatura |<br/>X. Reglamento de retiro, pensiones y jubilaciones<br/>
650 #7 - PUNTO DE ACCESO ADICIONAL DE MATERIA--TÉRMINO DE MATERIA
Fuente del encabezamiento o término lemb
Término de materia o nombre geográfico como elemento de entrada Legislación judicial
Subdivisión geográfica República Dominicana
9 (RLIN) 195880
650 #7 - PUNTO DE ACCESO ADICIONAL DE MATERIA--TÉRMINO DE MATERIA
Fuente del encabezamiento o término lemb
Término de materia o nombre geográfico como elemento de entrada Poder judicial
Subdivisión geográfica República Dominicana
650 #7 - PUNTO DE ACCESO ADICIONAL DE MATERIA--TÉRMINO DE MATERIA
Fuente del encabezamiento o término lemb
Término de materia o nombre geográfico como elemento de entrada Jurisprudencia
Subdivisión geográfica República Dominicana
9 (RLIN) 16213
700 1# - PUNTO DE ACCESO ADICIONAL--NOMBRE DE PERSONA
Nombre de persona Subero Isa, Jorge A.,
Fechas asociadas al nombre 1947-
Término indicativo de función/relación presentación
942 ## - ELEMENTOS DE PUNTO DE ACCESO ADICIONAL (KOHA)
Fuente del sistema de clasificación o colocación Sistema de Clasificación Decimal Dewey
Tipo de ítem Koha Libro (general)
Existencias
Estado de retiro Estado de pérdida Fuente del sistema de clasificación o colocación No para préstamo Código de colección Localización permanente Fecha de adquisición Total de préstamos Signatura topográfica completa Código de barras Fecha visto por última vez Número de copia Precio válido a partir de Tipo de ítem Koha
  Disponible Sistema de Clasificación Decimal Dewey   General - Libros dominicanos Biblioteca Central UNIBE 23/03/2025   RD 347.7293 C737d 250489 23/05/2025 Ej. 1 23/05/2025 Libro (general)